| 000 | 00495nam a2200205Ia 4500 | ||
|---|---|---|---|
| 003 | OSt | ||
| 005 | 20251210102713.0 | ||
| 008 | 250729s1971 xx 000 0 und d | ||
| 020 | _a978-8120717435 | ||
| 040 | _cAL | ||
| 041 | _aeng | ||
| 082 | _a371.2 KOCS | ||
| 100 |
_aKochhar S K _9226503 |
||
| 245 | _aSchool organization and administrartion | ||
| 260 |
_aLudhiana _c1971 |
||
| 300 | _a620p | ||
| 650 |
_aEducation _9226504 |
||
| 700 |
_aRao Digumurthi _9226505 |
||
| 942 |
_2ddc _cBED |
||
| 999 |
_c237321 _d237321 |
||